| 000 | 00952nam a2200265 i 4500 | ||
|---|---|---|---|
| 001 | 29880 | ||
| 003 | ES-MaACL | ||
| 005 | 20250722131801.0 | ||
| 007 | t| | ||
| 008 | 030123s1971 sp ||||1| spa d | ||
| 245 | 0 | 3 |
_aLa base molecular de la vida / _cversión española dirigida por Julio R. Villanueva ; traductores, Isabel García Acha, Manuel Losada, Claudio Fernández de Heredia. |
| 250 | _a1ª ed. | ||
| 260 |
_aMadrid : _bBlume, _c1971. |
||
| 300 |
_a433 p. : _bil. col. ; _c28 cm. |
||
| 490 | 1 | _aSelecciones de Scientific American | |
| 650 | 4 |
_aBiología molecular. _910589 |
|
| 700 | 1 |
_aVillanueva, Julio R. _9181288 |
|
| 700 | 1 |
_aGarcía Acha, Isabel. _954115 |
|
| 700 | 1 |
_aLosada Villasante, Manuel, _d1929- _9172022 |
|
| 700 | 1 |
_aFernández de Heredia, Claudio. _949664 |
|
| 710 | 2 |
_aScientific American. _96515 |
|
| 830 | 1 |
_aSelecciones de Scientific American _9181289 |
|
| 852 |
_aES-MaACL _jA-5956 |
||
| 999 |
_c29880 _d29880 |
||